Tax perceptions and preferences over tax structure in the United Kingdom (Record no. 61442)

000 -LEADER
fixed length control field 00444pab a2200169 454500
008 - FIXED-LENGTH DATA ELEMENTS--GENERAL INFORMATION
fixed length control field 180718b2004 xxu||||| |||| 00| 0 eng d
100 ## - MAIN ENTRY--PERSONAL NAME
Personal name Gemmell, Norman
245 ## - TITLE STATEMENT
Title Tax perceptions and preferences over tax structure in the United Kingdom
260 ## - PUBLICATION, DISTRIBUTION, ETC.
Date of publication, distribution, etc. 2004
300 ## - PHYSICAL DESCRIPTION
Extent p.F 117-F 138.
362 ## - DATES OF PUBLICATION AND/OR SEQUENTIAL DESIGNATION
Dates of publication and/or sequential designation Feb
650 ## - SUBJECT ADDED ENTRY--TOPICAL TERM
Topical term or geographic name entry element Taxation
700 ## - ADDED ENTRY--PERSONAL NAME
Personal name Pinar, Abuzer
700 ## - ADDED ENTRY--PERSONAL NAME
Personal name Morrissey, Oliver
773 ## - HOST ITEM ENTRY
Main entry heading Economic Journal
909 ## -
-- 61442
Holdings
Withdrawn status Lost status Damaged status Not for loan Permanent Location Current Location Date acquired Serial Enumeration / chronology Barcode Date last seen Price effective from Koha item type
        Indian Institute of Public Administration Indian Institute of Public Administration 2018-07-19 Volume no: 114, Issue no: 493 AR61888 2018-07-19 2018-07-19 Articles

Powered by Koha